Znižovanie kmitania a hluku v priemysle kmitanie a akustika

Bibliographic Details
Main Author: Žiaran, Stanislav, 1948- (Author)
Format: Book
Language:Slovak
PhysicalDescription:330 s. sch., tab. 25 cm
Published: V Bratislave Slovenská technická univerzita 2006
ISBN:8022723665
Edition:1. vyd.
Series:Edícia monografií
Subjects:

MARC

LEADER 00000nam a2200000 a 4500
001 vtls008829728
003 SK-MaSNL
005 20260301205621.0
008 240318s2006 xo l f a 001 0 slo
015 |a SNBA2006/07-03889 
020 |a 8022723665  |q (brož.)  |c 217,00 Sk 
035 |a 14A8C2C3-324C-4197-8BEB-9F3962B02189 
035 |a urn:nbn:sk:snk-amlc1n 
035 |a urn:nbn:sk:snk-am0091o0 
040 |a SNK  |b slo  |c SNK  |e AACR2 
041 0 |a slo  |b eng 
044 |a xo  |c SK 
072 7 |a 534  |x Mechanické kmity. Akustika  |2 konspekt 
072 7 |a 614.8  |x Úrazy a ich prevencia  |2 konspekt 
080 |a 338.45  |2 2001 
080 |a 534  |2 2001 
080 |a 534.835/.836  |2 2001 
080 |a 628.517.2  |2 2001 
080 |a 534.6  |2 2001 
080 |a (048.8)  |2 2001 
100 1 |a Žiaran, Stanislav,  |d 1948-  |4 aut  |9 219147 
245 1 0 |a Znižovanie kmitania a hluku v priemysle  |b kmitanie a akustika  |c Stanislav Žiaran 
250 |a 1. vyd. 
260 |a V Bratislave  |b Slovenská technická univerzita  |c 2006 
300 |a 330 s.  |b sch., tab.  |c 25 cm 
366 |e 250 výtl. 
490 1 |a Edícia monografií 
504 |a Bibliogr. s. 319-324. Reg. Slovník použ. terminologických výrazov a značiek 
546 |a Res. angl. 
650 0 7 |a priemysel  |2 SNKPH  |9 1618 
650 0 7 |a mechanické kmitanie  |2 SNKPH  |9 325054 
650 0 7 |a akustika  |2 SNKPH  |9 705 
650 0 7 |a hluk  |2 SNKPH  |9 3699 
650 0 7 |a protihlukové opatrenia  |2 SNKPH  |9 82770 
650 0 7 |a akustické merania  |2 SNKPH  |9 88481 
655 7 |a monografie  |2 SNKPH  |9 70139 
752 |a Slovensko  |d Bratislava 
810 2 |a Slovenská technická univerzita v Bratislave.  |b Strojnícka fakulta  |t Edícia monografií  |9 206761 
919 |a 80-227-2366-5 
958 |a OND 
999 |c 910821  |d 912751 
952 |a SNK  |b SNK  |y PREZ  |7 0  |p 17A0516233  |o snkSC 124114  |i snk2006/13641  |8 0  |0 0  |1 0  |4 0  |d 2006-07-10  |f 1  |l 0  |r 2025-06-05 00:00:00  |w 2026-02-24 
952 |a SNK  |b SNK  |y VYP  |7 0  |p 17A0516232  |o snkSC 124114 D1  |i snk2006/13642  |8 0  |0 0  |1 0  |4 0  |d 2006-07-10  |l 0  |r 2026-02-24 07:42:37  |w 2026-02-24